Música mexicana para piano : Manuel M. Ponce, Ricardo Castro, Luis Jordá, Mario Ruiz Armengol /
Nacido en la Ciudad de México, el pianista Gustavo Rivero Weber se formó en el Conservatorio Nacional, el Curtis Institute of Music de Filadelfia y el Conservatorio Estatal de Odessa. Tiene una amplia trayectoria como concertista en México, Europa y Estados Unidos. Tanto en sus presentaciones como e...
Kaydedildi:
| Yazar: | |
|---|---|
| Diğer Yazarlar: | , , , |
| Materyal Türü: | İşitsel |
| Baskı/Yayın Bilgisi: |
México :
Raduga,
1993, c1993
|
| Konular: | |
| Etiketler: |
Etiket eklenmemiş, İlk siz ekleyin!
|
MARC
| LEADER | 00000njm^a2200000^a^4500 | ||
|---|---|---|---|
| 001 | 000186563 | ||
| 005 | 20251020000000.0 | ||
| 009 | 20260310102229.939 | ||
| 037 | |a Acervo ITESO - Biblioteca | ||
| 041 | |a SON | ||
| 082 | |a 789. 1410972 |b RIV V. 1 | ||
| 100 | |a Rivero Weber, Gustavo |e (ejecución musical) | ||
| 240 | 1 | 1 | |a [Música mexicana para piano] |
| 240 | 1 | 1 | |a [Gavota, de Manuel M. Ponce] |
| 240 | 1 | 1 | |a [Lejos de ti] |
| 240 | 1 | 1 | |a [Balada mexicana] |
| 240 | 1 | 1 | |a [Estrellita] |
| 240 | 1 | 1 | |a [Mazurca Nº 2, de Manuel M. Ponce] |
| 240 | 1 | 1 | |a [Mazurca Nº 6, de Manuel M. Ponce] |
| 240 | 1 | 1 | |a [Marchita el alma] |
| 240 | 1 | 1 | |a [Vals Caressante] |
| 240 | 1 | 1 | |a [Berceuse, de Ricardo Castro] |
| 240 | 1 | 1 | |a [Vals Capricho] |
| 240 | 1 | 1 | |a [Danzas nocturnas] |
| 240 | 1 | 1 | |a [Danza cubana Nº 12] |
| 240 | 1 | 1 | |a [Danza cubana Nº 3] |
| 240 | 1 | 1 | |a [Danza cubana Nº 10] |
| 245 | 1 | 0 | |a Música mexicana para piano : |b Manuel M. Ponce, Ricardo Castro, Luis Jordá, Mario Ruiz Armengol / |c Piano G. Rivero Weber. |
| 264 | 4 | |a México : |b Raduga, |c 1993, c1993 | |
| 300 | |a 1 disco compacto sonoro (48 min.) + |e 1 folleto (6 p.) | ||
| 336 | |a música interpretada |b prm |2 rdacontenido | ||
| 337 | |a audio |b s |2 rdamedio | ||
| 338 | |a disco sonoro |b sd |2 rdasoporte | ||
| 520 | |a Nacido en la Ciudad de México, el pianista Gustavo Rivero Weber se formó en el Conservatorio Nacional, el Curtis Institute of Music de Filadelfia y el Conservatorio Estatal de Odessa. Tiene una amplia trayectoria como concertista en México, Europa y Estados Unidos. Tanto en sus presentaciones como en su discografía se ha preocupado por divulgar la música mexicana para piano. Se ha desempeñado como docente en la Escuela Superior de Música y como Coordinador Nacional de Música y Opera del INBA. Fue becario del Fondo Nacional para la Cultura y las Artes y obtuvo en 1984 el Diploma al Mérito de la Accademia Chigiana de Siena. | ||
| 546 | |a Edición bilingüe español-inglés (folleto) | ||
| 649 | |a XX | ||
| 650 | |a Músicos Mexicanos | ||
| 650 | |a Artistas Mexicanos | ||
| 650 | |a Piano - |z México | ||
| 650 | |a Instrumentos Musicales - |z México | ||
| 650 | |a Música de Cámara - |z México | ||
| 650 | |a Música de Concierto - |z México | ||
| 650 | |a Música Mexicana - |y Siglo XIX | ||
| 650 | |a Música Mexicana - |y Siglo XX | ||
| 650 | |a Música Mexicana - |x Intérpretes Mexicanos | ||
| 650 | |a Castro, Ricardo | ||
| 650 | |a Jordá, Luis | ||
| 650 | |a Ruiz Armengol, Mario | ||
| 650 | |a Rivero Weber, Gustavo | ||
| 600 | |a Ponce, Manuel M. | ||
| 700 | |a Ponce, Manuel M. |e (música) | ||
| 700 | |a Castro, Ricardo |e (música) | ||
| 700 | |a Jordá, Luis |e (música) | ||
| 700 | |a Ruiz Armengol, Mario |e (música) | ||
| 910 | |a Fondo General | ||
| 920 | |a Sonoros - CDs | ||
| 940 | |a CDs de Música | ||
| 905 | |a 401 | ||
| 901 | |a 0500128290 |b IT2 |c CDM |u 20250521 | ||
| 901 | |a 0500128319 |b IT2 |c MIM |u 20251020 | ||
| 902 | |a https://opac.biblio.iteso.mx/vufind/Record/000186563 | ||